• 首页
  • 本馆介绍
  • 公告通知
  • 最新文献
  • 馆藏检索
  • 电子资源
  • 读者导购
  • 参考咨询
  • 我的图书馆
  • 登录
  • 详细信息显示
  • 放入我的书架
  • 预约/预借图书
  • 作者相关作品
  • 分类相关作品
  • 丛书相关作品
  • 出版社相关作品

书目信息

  • 表格格式
  • 工作单格式
  • 卡片格式
题名:
色彩学讲座
    
 
作者: 李萧锟 著
分册:  
出版信息: 桂林   广西师范大学出版社  2003
页数: 117页
开本: 26cm
丛书名:
单 册:
中图分类: J063
科图分类:
主题词: 色彩学
电子资源:
ISBN: 7-5633-3876-4
000 00528nam0 2200193 45
001 0312011657
005 20031219104122.2
010    @a7-5633-3876-4@dCNY39.80
100    @a20031201d2003 km y0chiy0120 ea
101 0  @achi
105    @aa z 000yy
200 1  @a色彩学讲座@ASe Cai Xue Jiang Zuo@f李萧锟著@FLi Xiao Kun Zhu
210    @a桂林@c广西师范大学出版社@d2003
215    @a117页@c图版@d26cm
606 0  @a色彩学
690    @aJ063@v4
701  0 @a李萧锟@4著
801    @aCN@bTSTC@c20031201
905    @b329210-214@dJ063@e106@f5
    
    色彩学讲座/李萧锟著.-桂林:广西师范大学出版社,2003
    117页:图版;26cm
    
    
    ISBN 7-5633-3876-4:CNY39.80
    
●
相关链接 在E读中查询图书 在五车中查询图书 在当当中查询图书 在豆瓣中查询图书


正题名:色彩学讲座     索取号:J063/106         预约/预借

序号 登录号 条形码 馆藏地/架位号 状态 备注
1 0329210   203292105   第一借阅区/ [索取号:J063/106] 在馆    
2 0329211   203292114   第一借阅区/ [索取号:J063/106] 在馆    
3 0329212   203292123   第一借阅区/ [索取号:J063/106] 在馆    
4 0329213   203292132   第一借阅区/ [索取号:J063/106] 在馆    
5 0329214   203292141   第一样本阅览室/ [索取号:J063/106] 在馆    
唐山师范学院图书馆 欢迎您!
大连网信软件有限公司© 版权所有